| 000 | 00723 a2200205 4500 | ||
|---|---|---|---|
| 010 | _aENG-89297 | ||
| 020 |
_a8131303740 _c695.00 |
||
| 035 | _aEN-72830 | ||
| 037 | _bDBAD / PUB | ||
| 082 | 1 | 4 | _a658.0072 |
| 090 |
_c10719 _d10719 |
||
| 100 | _aDesai, Arvindrai N. | ||
| 245 | 1 |
_aResearch methodology in management/ _cby Arvindrai N. Desai |
|
| 260 |
_aNew Delhi _bAPH Publishing Corporation _c2008 |
||
| 270 |
_a4435-36/7, Ansari Road, Darya Ganj, _bNew Delhi _cDelhi _e110002 _k23274050 _maphbook@vsnl.net |
||
| 300 |
_av, 238 p. _c22 cm ( Hb.) |
||
| 500 | _aIncludes index | ||
| 942 |
_adpl _cEN _k658.0072/ DES |
||
| 999 |
_c10424 _d10424 |
||